Sinan Yucel
Georgetown A
Categories
Literature - American Literature | 0 | 2 | 0 | 0 | 20 | 92 | 107.00 | 1 | 2 |
History - European History | 0 | 2 | 1 | 0 | 15 | 111 | 118.00 | 0 | 2 |
Philosophy | 0 | 1 | 0 | 0 | 10 | 108 | 108.00 | 0 | 1 |
Fine Arts - Visual Fine Arts | 0 | 1 | 0 | 1 | 10 | 137 | 137.00 | 0 | 1 |
Geography | 0 | 1 | 0 | 0 | 10 | 124 | 124.00 | 0 | 1 |
History - American History | 0 | 1 | 1 | 1 | 5 | 128 | 128.00 | 0 | 1 |
World and Other Literature | 0 | 0 | 0 | 0 | 0 | 0.00 | 0 | 0 | |
History - World History | 0 | 1 | 2 | 0 | 0 | 112 | 112.00 | 1 | 1 |
Literature - British Literature | 0 | 0 | 0 | 0 | 0 | 0.00 | 0 | 0 | |
British and Commonwealth History | 0 | 0 | 1 | 0 | -5 | 0.00 | 0 | 0 | |
Science - Physics | 0 | 0 | 1 | 0 | -5 | 0.00 | 0 | 0 | |
Beliefs | 0 | 0 | 1 | 0 | -5 | 0.00 | 0 | 0 |